[Event "OEISM 0818 BLMM"]
[Site "austriablmm"]
[Date "2020.12.12"]
[Round "4"]
[White "David04"]
[Black "Jakob19"]
[Result "1-0"]
[WhiteElo "2004"]
[BlackElo "2018"]
[Annotator "NA RC"]
[PlyCount "93"]
[EventDate "2020.12.12"]
[EventType "blitz"]

1. e4 {[%emt 0:00:04]} c5 {[%emt 0:00:04]} 2. Nf3 {[%emt 0:00:01]} e6 {[%emt 0:00:01]} 3. d4 {[%emt 0:00:01]} cxd4 {[%emt 0:00:02]} 4. Nxd4 {[%emt 0:00:00]} Nc6 {[%emt 0:00:01]} 5. Nc3 {[%emt 0:00:06]} Qc7 {[%emt 0:00:02]} 6. f4 {[%emt 0:00:04]} a6 {[%emt 0:00:04]} 7. Nxc6 {[%emt 0:00:04]} bxc6 {[%emt 0:00:01]} 8. Bd3 {[%emt 0:00:03]} d5 {[%emt 0:00:02]} 9. O-O {[%emt 0:00:03]} Nf6 {[%emt 0:00:02]} 10. Qe2 {[%emt 0:00:05]} Be7 {[%emt 0:00:02]} 11. Kh1 {[%emt 0:00:05]} O-O {[%emt 0:00:29]} 12. Bd2 {[%emt 0:00:03]} Bb7 {[%emt 0:00:09]} 13. Rae1 {[%emt 0:00:06]} Rfe8 {[%emt 0:00:12]} 14. e5 {[%emt 0:01:47]} Nd7 {[%emt 0:00:03]} 15. Na4 {[%emt 0:00:46]} g6 {[%emt 0:00:10]} 16. c4 {[%emt 0:00:06]} Nc5 {[%emt 0:00:11]} 17. Nxc5 {[%emt 0:00:08]} Bxc5 {[%emt 0:00:00]} 18. b4 {[%emt 0:00:20]} Bf8 {[%emt 0:00:05]} 19. c5 {[%emt 0:00:03]} a5 {[%emt 0:00:03]} 20. a3 {[%emt 0:00:07]} axb4 {[%emt 0:00:14]} 21. Bxb4 {[%emt 0:01:10]} Qb8 {[%emt 0:00:51]} 22. Rf3 {[%emt 0:00:28]} Qa7 {[%emt 0:00:04]} 23. Qf2 {[%emt 0:00:03]} Ba6 {[%emt 0:00:03]} 24. Bb1 {[%emt 0:00:16]} Red8 {[%emt 0:00:43]} 25. h4 {[%emt 0:00:29]} d4 {[%emt 0:00:10]} 26. Rc1 {[%emt 0:00:07]} Bb5 {[%emt 0:00:15]} 27. h5 {[%emt 0:00:13]} d3 {[%emt 0:00:02]} 28. Rd1 {[%emt 0:00:14]} Rd5 {[%emt 0:00:15]} 29. hxg6 {[%emt 0:01:10]} hxg6 {[%emt 0:00:21]} 30. Qh4 {[%emt 0:00:23]} Qa4 {[%emt 0:00:27]} 31. Rd2 {[%emt 0:00:13]} Rad8 {[%emt 0:00:25]} 32. Ba2 {[%emt 0:00:21]} R5d7 {[%emt 0:01:16]} 33. f5 {[%emt 0:00:44]} Rd4 {[%emt 0:00:42]} 34. Qg5 {[%emt 0:00:09]} R8d5 {[%emt 0:04:05]} 35. fxg6 {[%emt 0:00:45]} f5 {[%emt 0:00:02]} 36. Bxd5 {[%emt 0:00:15]} Rxd5 {[%emt 0:00:03]} 37. Qf6 {[%emt 0:00:17]} Qa7 {[%emt 0:00:02]} 38. Qxe6+ {[%emt 0:00:04]} Kg7 {[%emt 0:00:01]} 39. Qxf5 {[%emt 0:00:23]} Qe7 {[%emt 0:00:03]} 40. Rdf2 {[%emt 0:00:02]} Rd8 {[%emt 0:00:09]} 41. Qf7+ {[%emt 0:00:12]} Qxf7 {[%emt 0:00:01]} 42. gxf7 {[%emt 0:00:01]} Bc4 {[%emt 0:00:04]} 43. Bd2 {[%emt 0:00:03]} Rd7 {[%emt 0:00:01]} 44. Rg3+ {[%emt 0:00:02]} Kh7 {[%emt 0:00:02]} 45. Rf4 {[%emt 0:00:04]} Bh6 {[%emt 0:00:11]} 46. Rh4 {[%emt 0:00:04]} Rxf7 {[%emt 0:00:02]} 47. Rxh6# {[%emt 0:00:01] Mate Mate} 1-0

[Event "OEISM 0818 BLMM"]
[Site "austriablmm"]
[Date "2020.12.12"]
[Round "4"]
[White "Marc_m"]
[Black "UrosN"]
[Result "1-0"]
[WhiteElo "1981"]
[BlackElo "1895"]
[Annotator "TA"]
[PlyCount "81"]
[EventDate "2020.12.12"]
[EventType "blitz"]

{[%evp 11,81,0,0,-11,31,26,106,112,202,207,459,462,489,492,499,498,658,658,663,609,767,772,757,762,767,769,827,827,918,920,914,909,912,907,912,908,890,856,956,945,1011,864,1344,1332,1301,1280,1382,1329,1377,1170,1350,1176,1169,1169,1169,1169,1151,1148,29975,29976,29978,29979,29979,29980,29983,29985,29985,29986,29985,1142,29993,29994]} 1. e4 e5 2. Nf3 Nc6 3. Bb5 Nf6 4. Qe2 Bc5 5. O-O d6 6. c3 O-O 7. d3 {7.h3 might become the main line. C65: Ruy Lopez: Berlin Defence (3...Nf6), unusual lines and 4 0-0 Bc5.} Ne7 8. d4 {[#]} Bb6 $146 (8... exd4 $11 9. cxd4 Bb6) ({Predecessor:} 8... exd4 9. cxd4 Bb6 10. Bg5 d5 11. Bxf6 dxe4 12. Bxe7 exf3 13. Qe4 Qxd4 14. Qxd4 Bxd4 15. Nc3 fxg2 16. Rfe1 {1-0 (16) Escobar Forero,A (2460)-Perez Garcia,R (2418) Cali 2012}) 9. dxe5 $16 {White is better.} dxe5 {[#]} (9... Ng4 $16 {might work better.}) 10. Rd1 $1 $18 {[%cal Rd1d8]} ({Weaker is} 10. Nxe5 Ng6 $14) 10... Nd7 $2 (10... Bd7) 11. Bxd7 Bxd7 12. Nxe5 Bb5 13. c4 ({Less strong is} 13. Rxd8 Bxe2 14. Rxa8 Rxa8 $11) 13... Qxd1+ 14. Qxd1 Rad8 {[%cal Rd8d1] [#]} 15. Qc2 Bd4 16. cxb5 Bxe5 17. Nd2 c6 18. Nf3 Bc7 19. Be3 Rd7 20. Rd1 Rxd1+ 21. Qxd1 Rd8 22. Qc2 cxb5 23. Bxa7 Nc6 24. g3 h6 25. Be3 Be5 26. Bf4 Nd4 27. Nxd4 Bxd4 28. Qc7 Ra8 29. Qxb7 Rxa2 30. Qc8+ Kh7 31. Qf5+ Kg8 32. Be5 Bxb2 33. Bxb2 Rxb2 {[%mdl 4096] Endgame KQ-KR} 34. Kg2 b4 35. Qe5 Rb1 36. Qe8+ Kh7 37. Qxf7 b3 38. e5 Re1 39. Qxb3 Rxe5 40. f4 (40. Qb1+ $142 g6 41. Qb7+ Kg8 42. Qb8+ {[%mdl 64] Double Attack} Kh7 43. Qxe5 g5 44. Qe7+ Kg6 45. g4) 40... Re6 41. Qxe6 {Black did not feel at home in the position after the opening.  Weighted Error Value: White=0.05/Black=0.84} 1-0

[Event "OEISM 0818 BLMM"]
[Site "austriablmm"]
[Date "2020.12.12"]
[Round "4"]
[White "Lukas-2010"]
[Black "Maryam2010"]
[Result "1-0"]
[WhiteElo "1901"]
[BlackElo "1627"]
[Annotator "NA RC"]
[PlyCount "37"]
[EventDate "2020.12.12"]
[EventType "blitz"]

1. e4 {[%emt 0:00:01]} c5 {[%emt 0:00:04]} 2. Nf3 {[%emt 0:00:02]} Nc6 {[%emt 0:00:03]} 3. d4 {[%emt 0:00:02]} cxd4 {[%emt 0:00:03]} 4. Nxd4 {[%emt 0:00:00]} g6 {[%emt 0:00:03]} 5. Nc3 {[%emt 0:00:03]} Bg7 {[%emt 0:00:01]} 6. Be3 {[%emt 0:00:03]} Nf6 {[%emt 0:00:02]} 7. Bc4 {[%emt 0:00:15]} Qa5 {[%emt 0:00:12]} 8. O-O {[%emt 0:00:18]} d6 {[%emt 0:00:46]} 9. Nb3 {[%emt 0:00:08]} Qd8 {[%emt 0:00:17]} 10. Re1 {[%emt 0:00:05]} Ng4 {[%emt 0:00:31]} 11. Bg5 {[%emt 0:00:21]} Nce5 {[%emt 0:00:22]} 12. Bb5+ {[%emt 0:00:06]} Nd7 {[%emt 0:00:21]} 13. Qxg4 {[%emt 0:00:04]} O-O {[%emt 0:00:35]} 14. Bxd7 {[%emt 0:00:12]} Bxd7 {[%emt 0:00:02]} 15. Qh4 {[%emt 0:00:01]} Re8 {[%emt 0:00:22]} 16. Nd5 {[%emt 0:00:03]} Kf8 {[%emt 0:00:51]} 17. Qxh7 {[%emt 0:00:04]} Qa5 {[%emt 0:00:18]} 18. Bh6 {[%emt 0:00:06]} Bxh6 {[%emt 0:00:29]} 19. Qh8# {[%emt 0:00:01] Mate Mate} 1-0

[Event "OEISM 0818 BLMM"]
[Site "austriablmm"]
[Date "2020.12.12"]
[Round "4"]
[White "Pernerstorfer_Max"]
[Black "Magdalena_m"]
[Result "1-0"]
[WhiteElo "1887"]
[BlackElo "1749"]
[Annotator "NA RC"]
[PlyCount "43"]
[EventDate "2020.12.12"]
[EventType "blitz"]

1. e4 {[%emt 0:00:01]} c6 {[%emt 0:00:02]} 2. d4 {[%emt 0:00:01]} d5 {[%emt 0:00:03]} 3. Nd2 {[%emt 0:00:00]} dxe4 {[%emt 0:00:05]} 4. Nxe4 {[%emt 0:00:00]} Nd7 {[%emt 0:00:02]} 5. Nf3 {[%emt 0:00:01]} Ngf6 {[%emt 0:00:05]} 6. Nxf6+ {[%emt 0:00:01]} Nxf6 {[%emt 0:00:02]} 7. Be2 {[%emt 0:00:01]} g6 {[%emt 0:00:24]} 8. O-O {[%emt 0:00:03]} Bg7 {[%emt 0:00:02]} 9. Bf4 {[%emt 0:00:13]} O-O {[%emt 0:00:03]} 10. Qd2 {[%emt 0:00:12]} Qb6 {[%emt 0:00:29]} 11. c3 {[%emt 0:00:06]} Rd8 {[%emt 0:00:10]} 12. Bh6 {[%emt 0:01:07]} Bh8 {[%emt 0:00:05]} 13. Bc4 {[%emt 0:00:31]} Nd5 {[%emt 0:00:21]} 14. Rae1 {[%emt 0:00:26]} Be6 {[%emt 0:00:17]} 15. Ng5 {[%emt 0:00:22]} c5 {[%emt 0:00:56]} 16. Nxe6 {[%emt 0:01:14]} fxe6 {[%emt 0:00:06]} 17. dxc5 {[%emt 0:00:52]} Qxc5 {[%emt 0:00:15]} 18. Qe2 {[%emt 0:00:03]} Rd6 {[%emt 0:00:20]} 19. Bb3 {[%emt 0:00:36]} a5 {[%emt 0:00:22]} 20. Qg4 {[%emt 0:00:19]} e5 {[%emt 0:00:50]} 21. Rd1 {[%emt 0:01:34]} b5 {[%emt 0:00:11]} 22. Rxd5 {[%emt 0:00:06] Magdalena_m gibt auf} 1-0

[Event "OEISM 0818 BLMM"]
[Site "austriablmm"]
[Date "2020.12.12"]
[Round "4"]
[White "Nico2006"]
[Black "MGamer"]
[Result "1/2-1/2"]
[WhiteElo "1860"]
[BlackElo "1593"]
[Annotator "NA RC"]
[PlyCount "115"]
[EventDate "2020.12.12"]
[EventType "blitz"]

1. d4 {[%emt 0:00:03]} Nf6 {[%emt 0:00:02]} 2. c4 {[%emt 0:00:03]} e6 {[%emt 0:00:02]} 3. Nf3 {[%emt 0:00:02]} b6 {[%emt 0:00:02]} 4. g3 {[%emt 0:00:03]} Bb7 {[%emt 0:00:01]} 5. Bg2 {[%emt 0:00:02]} Ne4 {[%emt 0:00:04]} 6. O-O {[%emt 0:00:10]} f5 {[%emt 0:00:02]} 7. d5 {[%emt 0:00:24]} Be7 {[%emt 0:00:19]} 8. Nbd2 {[%emt 0:00:18]} Nf6 {[%emt 0:01:19]} 9. Nd4 {[%emt 0:00:35]} c5 {[%emt 0:01:02]} 10. Nb5 {[%emt 0:02:31]} exd5 {[%emt 0:02:40]} 11. Nc3 {[%emt 0:00:21]} O-O {[%emt 0:01:43]} 12. cxd5 {[%emt 0:00:03]} d6 {[%emt 0:00:12]} 13. a4 {[%emt 0:00:18]} Na6 {[%emt 0:00:29]} 14. Nc4 {[%emt 0:00:13]} Nb4 {[%emt 0:01:32]} 15. Ne3 {[%emt 0:00:12]} Nd7 {[%emt 0:00:19]} 16. Nc2 {[%emt 0:00:30]} Nxc2 {[%emt 0:00:26]} 17. Qxc2 {[%emt 0:00:03]} Kh8 {[%emt 0:00:12]} 18. Rd1 {[%emt 0:00:06]} Bf6 {[%emt 0:00:02]} 19. Bf4 {[%emt 0:00:11]} Be5 {[%emt 0:00:11]} 20. Nb5 {[%emt 0:00:36]} Bxf4 {[%emt 0:00:10]} 21. gxf4 {[%emt 0:00:03]} Nf6 {[%emt 0:00:09]} 22. Qxf5 {[%emt 0:01:12]} a6 {[%emt 0:00:02]} 23. Nc3 {[%emt 0:00:09]} Nxd5 {[%emt 0:00:03]} 24. Qg5 {[%emt 0:00:39]} Nxc3 {[%emt 0:00:03]} 25. bxc3 {[%emt 0:00:03]} Bxg2 {[%emt 0:00:03]} 26. Qxg2 {[%emt 0:00:06]} Rf6 {[%emt 0:00:05]} 27. Kh1 {[%emt 0:00:06]} Rxf4 {[%emt 0:00:03]} 28. Rxd6 {[%emt 0:00:14]} Qf8 {[%emt 0:00:04]} 29. Rad1 {[%emt 0:00:06]} Rxf2 {[%emt 0:00:02]} 30. Qxf2 {[%emt 0:01:17]} Qxf2 {[%emt 0:00:00]} 31. Rd8+ {[%emt 0:00:02]} Qf8 {[%emt 0:00:00]} 32. Rxf8+ {[%emt 0:00:02]} Rxf8 {[%emt 0:00:00]} 33. Rd6 {[%emt 0:00:01]} b5 {[%emt 0:00:08]} 34. Rxa6 {[%emt 0:00:04]} bxa4 {[%emt 0:00:02]} 35. Rxa4 {[%emt 0:00:01]} h6 {[%emt 0:00:04]} 36. Kg2 {[%emt 0:00:02]} Kh7 {[%emt 0:00:04]} 37. Ra5 {[%emt 0:00:02]} Rf5 {[%emt 0:00:02]} 38. e4 {[%emt 0:00:02]} Re5 {[%emt 0:00:01]} 39. Kf3 {[%emt 0:00:01]} Kg6 {[%emt 0:00:08]} 40. Kf4 {[%emt 0:00:06]} Rh5 {[%emt 0:00:05]} 41. Ra6+ {[%emt 0:00:22]} Kf7 {[%emt 0:00:04]} 42. Rc6 {[%emt 0:00:05]} Rxh2 {[%emt 0:00:06] '} 43. Rxc5 {[%emt 0:00:06]} Rf2+ {[%emt 0:00:01]} 44. Ke5 {[%emt 0:00:06]} g5 {[%emt 0:00:02]} 45. Rc7+ {[%emt 0:00:07]} Kg6 {[%emt 0:00:01]} 46. Rc8 {[%emt 0:00:10]} g4 {[%emt 0:00:02]} 47. c4 {[%emt 0:00:01]} h5 {[%emt 0:00:01]} 48. c5 {[%emt 0:00:04]} Rc2 {[%emt 0:00:02]} 49. c6 {[%emt 0:00:04]} g3 {[%emt 0:00:01]} 50. Rg8+ {[%emt 0:00:05]} Kf7 {[%emt 0:00:02]} 51. Rxg3 {[%emt 0:00:02]} Rxc6 {[%emt 0:00:01]} 52. Rh3 {[%emt 0:00:02]} Rh6 {[%emt 0:00:01]} 53. Kf5 {[%emt 0:00:02] MGamer offers a draw} Rh8 {[%emt 0:00:07]} 54. e5 {[%emt 0:00:05]} h4 {[%emt 0:00:01]} 55. e6+ {[%emt 0:00:08]} Ke7 {[%emt 0:00:02]} 56. Kg5 {[%emt 0:00:04]} Kxe6 {[%emt 0:00:05]} 57. Rxh4 {[%emt 0:00:01]} Rxh4 {[%emt 0:00:00]} 58. Kxh4 {[%emt 0:00:01] No Material No Material} 1/2-1/2

[Event "OEISM 0818 BLMM"]
[Site "austriablmm"]
[Date "2020.12.12"]
[Round "4"]
[White "Peter Balint"]
[Black "Mostinchen"]
[Result "1-0"]
[WhiteElo "1820"]
[BlackElo "1495"]
[Annotator "NA RC"]
[PlyCount "43"]
[EventDate "2020.12.12"]
[EventType "blitz"]

1. e4 {[%emt 0:00:06]} d5 {[%emt 0:00:03]} 2. exd5 {[%emt 0:00:01]} Qxd5 {[%emt 0:00:01]} 3. Nc3 {[%emt 0:00:01]} Qa5 {[%emt 0:00:01]} 4. d4 {[%emt 0:00:02]} c6 {[%emt 0:00:01]} 5. Nf3 {[%emt 0:00:01]} Nf6 {[%emt 0:00:02]} 6. Bd3 {[%emt 0:00:02]} e6 {[%emt 0:00:06]} 7. O-O {[%emt 0:00:02]} Bd6 {[%emt 0:00:06]} 8. Bd2 {[%emt 0:00:04]} Qc7 {[%emt 0:00:02]} 9. Re1 {[%emt 0:00:04]} O-O {[%emt 0:00:01]} 10. Ne5 {[%emt 0:00:03]} Nbd7 {[%emt 0:00:13]} 11. f4 {[%emt 0:00:32]} Re8 {[%emt 0:00:17]} 12. Ne4 {[%emt 0:00:09]} Nxe4 {[%emt 0:00:25]} 13. Bxe4 {[%emt 0:00:04]} f6 {[%emt 0:00:30]} 14. Bxh7+ {[%emt 0:00:06]} Kxh7 {[%emt 0:00:05]} 15. Qh5+ {[%emt 0:00:01]} Kg8 {[%emt 0:00:08]} 16. Qxe8+ {[%emt 0:00:01]} Kh7 {[%emt 0:00:07]} 17. Qh5+ {[%emt 0:00:21]} Kg8 {[%emt 0:00:04]} 18. Ng6 {[%emt 0:00:05]} Qb6 {[%emt 0:01:14]} 19. Bc3 {[%emt 0:00:26]} Qc7 {[%emt 0:00:39]} 20. Rxe6 {[%emt 0:00:05]} Nf8 {[%emt 0:00:54]} 21. Re8 {[%emt 0:00:25]} Qd7 {[%emt 0:00:37]} 22. Rae1 {[%emt 0:00:27] Mostinchen resigns} 1-0

[Event "OEISM 0818 BLMM"]
[Site "austriablmm"]
[Date "2020.12.12"]
[Round "4"]
[White "Julian17"]
[Black "Wimmer Michael"]
[Result "1/2-1/2"]
[WhiteElo "1805"]
[BlackElo "1710"]
[Annotator "NA RC"]
[PlyCount "47"]
[EventDate "2020.12.12"]
[EventType "blitz"]

1. e4 {[%emt 0:00:02]} e5 {[%emt 0:00:01]} 2. Nf3 {[%emt 0:00:02]} Nc6 {[%emt 0:00:03]} 3. Bc4 {[%emt 0:00:02]} Bc5 {[%emt 0:00:02]} 4. c3 {[%emt 0:00:02]} Nf6 {[%emt 0:00:03]} 5. d4 {[%emt 0:00:02]} exd4 {[%emt 0:00:03]} 6. e5 {[%emt 0:00:01]} d5 {[%emt 0:00:02]} 7. Bb5 {[%emt 0:00:02]} Ne4 {[%emt 0:00:03]} 8. cxd4 {[%emt 0:00:01]} Bb4+ {[%emt 0:00:02]} 9. Bd2 {[%emt 0:00:03]} Bxd2+ {[%emt 0:00:03]} 10. Nbxd2 {[%emt 0:00:02]} Nxd2 {[%emt 0:00:01]} 11. Bxc6+ {[%emt 0:00:03]} bxc6 {[%emt 0:00:02]} 12. Qxd2 {[%emt 0:00:01]} O-O {[%emt 0:00:04]} 13. O-O {[%emt 0:00:02]} Bd7 {[%emt 0:00:14]} 14. Rac1 {[%emt 0:00:03]} Qe7 {[%emt 0:00:07]} 15. Qc3 {[%emt 0:00:11]} h6 {[%emt 0:00:19]} 16. Rfe1 {[%emt 0:01:36]} a5 {[%emt 0:00:40]} 17. Nd2 {[%emt 0:00:32]} a4 {[%emt 0:00:07]} 18. Re3 {[%emt 0:00:23]} Rfb8 {[%emt 0:00:17]} 19. a3 {[%emt 0:03:09]} Ra7 {[%emt 0:01:33]} 20. Qc2 {[%emt 0:01:25]} Rab7 {[%emt 0:00:41]} 21. Rb1 {[%emt 0:00:06]} g6 {[%emt 0:00:28]} 22. Rc1 {[%emt 0:00:43]} Rxb2 {[%emt 0:00:17]} 23. Qc3 {[%emt 0:00:02]} Ra2 {[%emt 0:01:20]} 24. Rc2 {[%emt 0:00:40] Julian17 offers a draw} 1/2-1/2

[Event "OEISM 0818 BLMM"]
[Site "austriablmm"]
[Date "2020.12.12"]
[Round "4"]
[White "Zsofia04"]
[Black "Chessless13"]
[Result "1-0"]
[WhiteElo "1803"]
[BlackElo "1668"]
[Annotator "NA RC"]
[PlyCount "85"]
[EventDate "2020.12.12"]
[EventType "blitz"]

1. e4 {[%emt 0:00:03]} c5 {[%emt 0:00:02]} 2. Nf3 {[%emt 0:00:04]} Nc6 {[%emt 0:00:01]} 3. c4 {[%emt 0:00:04]} Nf6 {[%emt 0:00:23]} 4. Nc3 {[%emt 0:00:03]} d6 {[%emt 0:00:11]} 5. Be2 {[%emt 0:00:03]} g6 {[%emt 0:00:01]} 6. d4 {[%emt 0:00:03]} cxd4 {[%emt 0:00:09]} 7. Nxd4 {[%emt 0:00:02]} Bg7 {[%emt 0:00:01]} 8. Be3 {[%emt 0:00:02]} O-O {[%emt 0:00:17]} 9. O-O {[%emt 0:00:03]} a6 {[%emt 0:00:09]} 10. Rc1 {[%emt 0:00:05]} Bd7 {[%emt 0:00:11]} 11. b3 {[%emt 0:00:02]} Rc8 {[%emt 0:00:14]} 12. f4 {[%emt 0:00:05]} e5 {[%emt 0:00:30]} 13. Nf3 {[%emt 0:00:16]} Qc7 {[%emt 0:01:12]} 14. Nd5 {[%emt 0:00:51]} Qb8 {[%emt 0:00:11]} 15. Nb6 {[%emt 0:00:06]} Rcd8 {[%emt 0:00:50]} 16. Qc2 {[%emt 0:00:23]} Rfe8 {[%emt 0:00:30]} 17. fxe5 {[%emt 0:00:40]} dxe5 {[%emt 0:00:08]} 18. Rcd1 {[%emt 0:00:07]} Be6 {[%emt 0:00:19]} 19. Nd5 {[%emt 0:00:14]} Bg4 {[%emt 0:01:49]} 20. h3 {[%emt 0:00:23]} Bxf3 {[%emt 0:00:02]} 21. Bxf3 {[%emt 0:00:04]} Bf8 {[%emt 0:00:10]} 22. Nxf6+ {[%emt 0:00:06]} Kg7 {[%emt 0:00:24]} 23. Nxe8+ {[%emt 0:00:03]} Rxe8 {[%emt 0:00:01]} 24. Rd7 {[%emt 0:00:22]} Nb4 {[%emt 0:00:10]} 25. Qd2 {[%emt 0:00:15]} Re7 {[%emt 0:00:25]} 26. Rxe7 {[%emt 0:00:21]} Bxe7 {[%emt 0:00:03]} 27. Qd7 {[%emt 0:00:06]} Qd6 {[%emt 0:00:17]} 28. Qxd6 {[%emt 0:00:03]} Bxd6 {[%emt 0:00:00]} 29. Rd1 {[%emt 0:00:06]} Nc2 {[%emt 0:00:18]} 30. Rxd6 {[%emt 0:00:04]} Nxe3 {[%emt 0:00:02]} 31. Kf2 {[%emt 0:00:02]} Nc2 {[%emt 0:00:04]} 32. Rb6 {[%emt 0:00:04]} Nd4 {[%emt 0:00:05]} 33. Rxb7 {[%emt 0:00:03]} a5 {[%emt 0:00:03]} 34. c5 {[%emt 0:00:07]} h5 {[%emt 0:00:07]} 35. Be2 {[%emt 0:00:04]} h4 {[%emt 0:00:02]} 36. Bc4 {[%emt 0:00:03]} Kh6 {[%emt 0:00:13]} 37. Bd5 {[%emt 0:00:06]} f5 {[%emt 0:00:04]} 38. c6 {[%emt 0:00:05]} g5 {[%emt 0:00:08]} 39. c7 {[%emt 0:00:03]} g4 {[%emt 0:00:11]} 40. c8=Q {[%emt 0:00:04]} g3+ {[%emt 0:00:01]} 41. Kf1 {[%emt 0:00:05]} Kg5 {[%emt 0:00:01]} 42. Rg7+ {[%emt 0:00:05]} Kf4 {[%emt 0:00:03]} 43. Qc1# {[%emt 0:00:05] Mate Mate} 1-0

[Event "OEISM 0818 BLMM"]
[Site "austriablmm"]
[Date "2020.12.12"]
[Round "4"]
[White "EdiRaber"]
[Black "Chachacha7"]
[Result "0-1"]
[WhiteElo "1784"]
[BlackElo "1689"]
[Annotator "NA RC"]
[PlyCount "116"]
[EventDate "2020.12.12"]
[EventType "blitz"]

1. e4 {[%emt 0:00:04]} e6 {[%emt 0:00:04]} 2. d4 {[%emt 0:00:03]} d5 {[%emt 0:00:01]} 3. e5 {[%emt 0:00:07]} c5 {[%emt 0:00:02]} 4. c3 {[%emt 0:00:03]} Nc6 {[%emt 0:00:02]} 5. Nf3 {[%emt 0:00:02]} Nge7 {[%emt 0:00:04]} 6. Be3 {[%emt 0:00:02]} cxd4 {[%emt 0:00:08]} 7. cxd4 {[%emt 0:00:05]} Nf5 {[%emt 0:00:03]} 8. Bb5 {[%emt 0:00:08]} Bb4+ {[%emt 0:00:23]} 9. Nc3 {[%emt 0:00:12]} Bd7 {[%emt 0:00:14]} 10. Bxc6 {[%emt 0:00:03]} Bxc6 {[%emt 0:00:12]} 11. O-O {[%emt 0:00:02]} O-O {[%emt 0:00:14]} 12. a3 {[%emt 0:00:04]} Bxc3 {[%emt 0:00:16]} 13. bxc3 {[%emt 0:00:03]} Qa5 {[%emt 0:00:08]} 14. Qd2 {[%emt 0:00:06]} Rfc8 {[%emt 0:00:40]} 15. Rfc1 {[%emt 0:00:10]} Bb5 {[%emt 0:00:22]} 16. Qb2 {[%emt 0:00:30]} Rc7 {[%emt 0:00:26]} 17. Qb4 {[%emt 0:00:11]} Qxb4 {[%emt 0:00:13]} 18. cxb4 {[%emt 0:00:00]} Rac8 {[%emt 0:00:04]} 19. Bd2 {[%emt 0:00:13]} Be2 {[%emt 0:00:25]} 20. g4 {[%emt 0:00:14]} Bxf3 {[%emt 0:00:20]} 21. gxf5 {[%emt 0:00:02]} exf5 {[%emt 0:00:02]} 22. Rxc7 {[%emt 0:00:10]} Rxc7 {[%emt 0:00:02]} 23. Rc1 {[%emt 0:00:01]} Rxc1+ {[%emt 0:00:31]} 24. Bxc1 {[%emt 0:00:00]} Kf8 {[%emt 0:00:01]} 25. Kf1 {[%emt 0:00:02]} Ke7 {[%emt 0:00:02]} 26. Ke1 {[%emt 0:00:02]} Kd7 {[%emt 0:00:06]} 27. Kd2 {[%emt 0:00:02]} Kc6 {[%emt 0:00:05]} 28. Kc3 {[%emt 0:00:02]} a6 {[%emt 0:00:07]} 29. Bf4 {[%emt 0:00:06]} h6 {[%emt 0:00:13]} 30. a4 {[%emt 0:00:05]} g5 {[%emt 0:00:26]} 31. Bd2 {[%emt 0:00:02]} Bd1 {[%emt 0:00:12]} 32. h3 {[%emt 0:00:19]} Bxa4 {[%emt 0:00:11]} 33. f4 {[%emt 0:00:03]} g4 {[%emt 0:00:07]} 34. hxg4 {[%emt 0:00:03]} fxg4 {[%emt 0:00:02]} 35. f5 {[%emt 0:00:01]} h5 {[%emt 0:00:09]} 36. Be1 {[%emt 0:00:08]} Bd1 {[%emt 0:00:15]} 37. Kd3 {[%emt 0:00:06]} Bf3 {[%emt 0:00:11]} 38. f6 {[%emt 0:00:19]} Kd7 {[%emt 0:00:13]} 39. Ke3 {[%emt 0:00:10]} b6 {[%emt 0:00:37]} 40. e6+ {[%emt 0:00:00]} Kxe6 {[%emt 0:00:05]} 41. Kf4 {[%emt 0:00:07]} Kxf6 {[%emt 0:00:04]} 42. Bh4+ {[%emt 0:00:02]} Kg6 {[%emt 0:00:24]} 43. Ke5 {[%emt 0:00:12]} a5 {[%emt 0:00:04]} 44. b5 {[%emt 0:00:08]} a4 {[%emt 0:00:03]} 45. Bd8 {[%emt 0:00:01]} g3 {[%emt 0:00:04]} 46. Bxb6 {[%emt 0:00:04]} g2 {[%emt 0:00:03]} 47. Bc5 {[%emt 0:00:01]} g1=Q {[%emt 0:00:03]} 48. b6 {[%emt 0:00:00]} Qe3+ {[%emt 0:00:05]} 49. Kd6 {[%emt 0:00:02]} Qe6+ {[%emt 0:00:01]} 50. Kc7 {[%emt 0:00:01]} Bg4 {[%emt 0:00:13]} 51. b7 {[%emt 0:00:08]} Qd7+ {[%emt 0:00:02]} 52. Kb6 {[%emt 0:00:05]} Qd8+ {[%emt 0:00:05]} 53. Ka7 {[%emt 0:00:02]} Qa5+ {[%emt 0:00:05]} 54. Kb8 {[%emt 0:00:02]} a3 {[%emt 0:00:26]} 55. Be7 {[%emt 0:00:19]} a2 {[%emt 0:00:10]} 56. Bg5 {[%emt 0:00:04]} a1=Q {[%emt 0:00:14]} 57. Bc1 {[%emt 0:00:03]} Q1c3 {[%emt 0:00:06]} 58. Bd2 {[%emt 0:00:04]} Qcc7# {[%emt 0:00:02] Mate} 0-1

[Event "OEISM 0818 BLMM"]
[Site "austriablmm"]
[Date "2020.12.12"]
[Round "4"]
[White "Kriasi"]
[Black "Konstantin Peyrer"]
[Result "0-1"]
[WhiteElo "1784"]
[BlackElo "2245"]
[Annotator "TA"]
[PlyCount "110"]
[EventDate "2020.12.12"]
[EventType "blitz"]

{[%evp 19,110,0,24,18,31,37,42,17,20,23,29,-56,-75,-75,-63,-77,-85,-68,-45,-76,-61,-72,-61,-73,-31,-50,-41,-38,-34,-108,-56,-58,-29,-45,0,-6,150,-42,-31,-29,-8,-41,-29,-65,-52,-86,-92,-181,-179,-153,-174,-152,-136,-141,-67,-233,-248,-287,-273,-417,-415,-408,-416,-415,-415,-401,-410,-772,-390,-450,-450,-448,-336,-731,-690,-652,-618,-652,-447,-2186,-2191,-12850,-11106,-29986,-29987,-29987,-29988,-29988,-29989,-29989,-29990,-29990,-29991]} 1. e4 c5 2. Nf3 d6 3. d4 cxd4 4. Nxd4 Nf6 5. Nc3 a6 6. f3 e5 7. Nb3 Be6 8. Be3 h5 9. Qd2 Nbd7 10. O-O-O Rc8 11. Nd5 {B90: Sicilian Najdorf: Unusual White 6th moves, 6 Be3 Ng4 and 6 Be3 e5.} Bxd5 12. exd5 b5 13. Kb1 {White is slightly better.} Nb6 14. Qa5 Nbxd5 {[#] Threatens to win with ...Qxa5.} 15. Bxb5+ $146 (15. Qxd8+ $11 Kxd8 16. Bf2) ({Predecessor:} 15. Bf2 Qc7 16. Rc1 Qxa5 17. Nxa5 Be7 18. c4 bxc4 19. Bxc4 O-O 20. Rhd1 Nf4 21. Bf1 Rxc1+ 22. Rxc1 {1-0 (38) Cheparinov,I (2711)-Palac,M (2548) Zagreb 2018}) 15... axb5 $15 16. Qxb5+ Qd7 17. Rxd5 Nxd5 18. Qxd5 Be7 19. Rd1 Qc6 20. Qxc6+ Rxc6 21. Na5 Rc8 22. b3 Kd7 23. Nc4 Ke6 24. f4 ({Better is} 24. Nb6 $15) 24... f6 (24... Rc6 $17 25. g3 Rb8) 25. Nb6 Rb8 26. Nd5 Rhc8 27. Kb2 Rb5 $2 {[#]} (27... f5 $11) 28. Nxe7 $2 ({White has to play} 28. f5+ $1 $16 {[%mdl 512]} Kf7 (28... Kxf5 29. Nxe7+) 29. a4) 28... Kxe7 $16 {[%mdl 4096] Endgame KRR-KRB} 29. a4 Rb7 30. Rd2 Ke6 31. Re2 Kf5 32. Rf2 Ke4 33. Bc1 {[#]} (33. Bd2 $17 {keeps fighting.}) 33... d5 $1 $19 34. Re2+ Kf5 35. Rf2 Ke6 36. Re2 Kd6 (36... d4 $17 {...Kf5 is the strong threat.} 37. fxe5 fxe5) 37. Kb1 $2 {This costs White the game.} (37. c3 $15) 37... d4 38. Ba3+ Kd5 39. Bb2 (39. fxe5 {only move.} fxe5 40. Rd2) 39... e4 40. Rd2 {[#]} d3 $1 {[%mdl 512]} 41. cxd3 Rxb3 {White must now prevent ...e3.} 42. dxe4+ Kxe4 43. Rd4+ (43. a5 $142) 43... Kf5 44. g3 Rcb8 45. Rd2 {[#]} h4 $1 {[%mdl 512]} 46. Rg2 $2 (46. gxh4 Kxf4 47. Rg2) 46... h3 47. Rc2 Ke4 48. Ka2 Kf3 49. a5 (49. f5 $142 Ke4 50. g4) 49... R3b5 50. Bc3 Rc8 51. Rb2 Rxb2+ {Black mates.} 52. Kxb2 Kg2 53. g4 Kxh2 54. g5 Kg2 55. gxf6 gxf6 {Weighted Error Value: White=0.92/Black=0.38} 0-1